LIBRARY & INFORMATION CENTRE, KCAET, TAVANUR

ONLINE PUBLIC ACCESS CATALOGUE (OPAC)

Irrigation ,agriculture and social development / (Record no. 2813)

MARC details
000 -LEADER
fixed length control field 00538cam a2200205ua 4500
020 ## - INTERNATIONAL STANDARD BOOK NUMBER
ISBN 81 86231 36 3
041 ## - LANGUAGE CODE
Language code of text/sound track or separate title eng
082 ## - DEWEY DECIMAL CLASSIFICATION NUMBER
Classification number 631.5875
Item number HOO/IR
100 ## - MAIN ENTRY--AUTHOR NAME
Personal name Hooja, .
245 ## - TITLE STATEMENT
Title Irrigation ,agriculture and social development /
260 ## - PUBLICATION, DISTRIBUTION, ETC. (IMPRINT)
Place of publication New Delhi :
Name of publisher Himanshu Publications ,
Year of publication 1997.
300 ## - PHYSICAL DESCRIPTION
Number of Pages 224 ; .
700 1# - ADDED ENTRY--PERSONAL NAME
Personal name Bower Rod, .
700 1# - ADDED ENTRY--PERSONAL NAME
Personal name Mundra, S N .
700 1# - ADDED ENTRY--PERSONAL NAME
Personal name Rakesh, .
942 ## - ADDED ENTRY ELEMENTS (KOHA)
Koha item type Books
Holdings
Withdrawn status Lost status Damaged status Home library Current library Date acquired Full call number Accession Number Koha item type
      KAUAET KAUAET 07/04/2012 631.5875 19466 Books
free website counter